000 00577nam a2200169Ia 4500
008 090711s9999 xx 000 0 und d
082 _b72608
100 _aपांढरीपांडे विजय म.
245 _aजो तो पथ Sाुकलेला
260 _c1993
300 _a98
600 _aपांढरीपांडे विजय म.
630 _aजो तो पथ Sाुकलेला
700 _aपांढरीपांडे विजय म.
730 _aजो तो पथ Sाुकलेला
942 _cBOOK
999 _c304374
_d304374